<?xml version="1.0" encoding="UTF-8"?>
<collection xmlns="http://www.loc.gov/MARC21/slim">
 <record>
  <leader>01542nam a2200205Ia 4500</leader>
  <controlfield tag="001">CTU_142433</controlfield>
  <controlfield tag="008">210402s9999    xx            000 0 und d</controlfield>
  <datafield tag="020" ind1=" " ind2=" ">
   <subfield code="c">74000</subfield>
  </datafield>
  <datafield tag="082" ind1=" " ind2=" ">
   <subfield code="a">382.3</subfield>
  </datafield>
  <datafield tag="082" ind1=" " ind2=" ">
   <subfield code="b">B312</subfield>
  </datafield>
  <datafield tag="100" ind1=" " ind2=" ">
   <subfield code="a">Nguyễn, Như Bình</subfield>
  </datafield>
  <datafield tag="245" ind1=" " ind2="0">
   <subfield code="a">Thể chế thương mại quốc tế</subfield>
  </datafield>
  <datafield tag="245" ind1=" " ind2="0">
   <subfield code="c">Nguyễn Như Bình</subfield>
  </datafield>
  <datafield tag="260" ind1=" " ind2=" ">
   <subfield code="a">Hà Nội</subfield>
  </datafield>
  <datafield tag="260" ind1=" " ind2=" ">
   <subfield code="b">Văn hóa - Thông tin</subfield>
  </datafield>
  <datafield tag="260" ind1=" " ind2=" ">
   <subfield code="c">2009</subfield>
  </datafield>
  <datafield tag="520" ind1=" " ind2=" ">
   <subfield code="a">Quyển sách trình bày một cách hệ thống và đầy dủ về thể chế thương mại quốc tế. Nội dung gồm 6 chương và phụ lục: Chương I: Hội nhập kinh tế quốc tế và chính sách thương mại quốc tế Chương II: Tổng quan về tổ chức thương mại thế giới Chương III: Những hiệp định cơ bản của tổ chức Thương mại thế giới Chương IV: Sở hữu trí tuệ Chương V: Luật thương mại quốc tế của Hoa Kỳ Chương VI: Thể chế thương mại của hiệp hội các quốc gia Đông Nam Á Phụ lục I: GATT 1947 Phụ lục II: Hiệp định Marrakesh Phụ lục III: Hiệp định chương trình thuế quan ưu đãi có hiệu lực chung (CEPT).</subfield>
  </datafield>
  <datafield tag="650" ind1=" " ind2=" ">
   <subfield code="a">International trade,Foreign exchange,Trao đổi quốc tế,Ngoại thương</subfield>
  </datafield>
  <datafield tag="904" ind1=" " ind2=" ">
   <subfield code="i">Trọng Hiếu</subfield>
  </datafield>
  <datafield tag="980" ind1=" " ind2=" ">
   <subfield code="a">Trung tâm Học liệu Trường Đại học Cần Thơ</subfield>
  </datafield>
 </record>
</collection>
